000 00364nam a2200145Ia 4500
008 240624s9999 xx 000 0 und d
041 _aeng
082 _a657.42 KIS
100 _aKISHORE RAVI M
245 _aSTUDENTS WORKBOOK ON COST ACCOUNTING AND
250 _a(4th ed.)
260 _c2007
_aNew Delhi
_bTaxmann
300 _ai-26, , 909 : p.
365 _cRS
_b20
999 _c7419
_d7419